Ultimate flags of Africa - Statistics

General Stats
  • This quiz has been taken 9 times
  • The average score is 50 of 84
Answer Stats
Picture Answer % Correct
Algeria
100%
Angola
86%
Burkina Faso
86%
Burundi
86%
Cameroon
86%
Chad
86%
Democratic Republic of the Congo
86%
Egypt
86%
Eritrea
86%
Eswatini
86%
Ghana
86%
Madagascar
86%
Mali
86%
Republic of the Congo
86%
Somalia
86%
Somaliland
86%
Tunisia
86%
Western Sahara
86%
Benin
71%
Botswana
71%
Cape Verde
71%
Central African Republic
71%
Comoros
71%
Djibouti
71%
Equatorial Guinea
71%
Ethiopia
71%
Gabon
71%
Gambia
71%
Guinea
71%
Guinea-Bissau
71%
Ivory Coast
71%
Kenya
71%
Lesotho
71%
Liberia
71%
Libya
71%
Malawi
71%
Mauritania
71%
Mauritius
71%
Morocco
71%
Mozambique
71%
Namibia
71%
Niger
71%
Nigeria
71%
Republic of Casamance
71%
Rwanda
71%
São Tomé and Príncipe
71%
Senegal
71%
Seychelles
71%
Sierra Leone
71%
South Africa
71%
South Sudan
71%
Sudan
71%
Tanzania
71%
Togo
71%
Uganda
71%
Zambia
71%
Mayotte
57%
Zimbabwe
57%
Canary Islands
43%
Ceuta
43%
Madeira
43%
Réunion
43%
Saint Helena
43%
Tristan da Cunha
43%
Zanzibar
43%
Ambazonia
29%
Ascension Island
29%
Melilla
29%
Puntland
29%
Anjouan
14%
Azawad
14%
Barotseland
14%
Beja State
14%
Darfur
14%
Democratic Republic of Bakassi
14%
Jubaland
14%
Kabylia
14%
Mohéli
14%
Niger Delta Republic
14%
Ogoniland
14%
Socotra Archipelago
14%
Tigray
14%
Western Togoland
14%
Republic of Oduduwa
0%
No matching quizzes found
Score Distribution
Percent of People with Each Score
Percentile by Number Answered
Your Score History
You have not taken this quiz